000
00326nam a22001457a 4500
008
221031b ||||| |||| 00| 0 eng d
020
_a
9780300023510
041
_a
eng
080
_a
612.39
082
_a
612.39
100
_a
16.2
101
_a
nutri
245
_a
The Food Crisis in Prehistory
_c
COHEN M
942
_2
udc
_c
BK
999
_c
58693
_d
58693